Cities in Montana - Sudden Death - Statistics

General Stats
  • This quiz has been taken 53 times
  • The average score is 9 of 15
Answers on the Grid
Answers color-coded by a green-red scale on the quiz's grid according to % correct below.
Baker
Bakersfield
Bozeman
Billings
Lubbock
Grand Forks
Ekalaka
Missoula
Gainesville
Anaconda
Tyler
Terry
Everett
North Platte
Deer Lodge
Wibaux
Cody
Roanoke
Kalispell
Great Falls
Kingfisher
Conrad
Reno
Forsyth
Asheville
Springfield
Havre
Morgantown
Montgomery
Belgrade
 
Answer Stats
Answer % Correct
Anaconda
86%
Belgrade
86%
Billings
86%
Bozeman
86%
Kalispell
86%
Missoula
86%
Conrad
71%
Deer Lodge
71%
Great Falls
71%
Havre
57%
Baker
43%
Ekalaka
29%
Forsyth
29%
Terry
29%
Wibaux
29%
No matching quizzes found
Score Distribution
Percent of People with Each Score
Percentile by Number Answered
Your Score History
You have not taken this quiz